The New dictionary of theology / (Record no. 2200)

MARC details
000 -LEADER
fixed length control field 00998nam a2200289 a 4500
001 - CONTROL NUMBER
control field 2897960
003 - CONTROL NUMBER IDENTIFIER
control field GBCCL
005 - DATE AND TIME OF LATEST TRANSACTION
control field 20241126110422.0
008 - FIXED-LENGTH DATA ELEMENTS--GENERAL INFORMATION
fixed length control field 870804s1987 deu bd 000 0 eng
010 ## -
-- 87082327
020 ## - INTERNATIONAL STANDARD BOOK NUMBER
International Standard Book Number 0894536095
040 ## - CATALOGING SOURCE
Original cataloging agency DLC
Transcribing agency DLC
Modifying agency DLC
050 00 -
-- BR95
-- .N38 1987
082 00 - DEWEY DECIMAL CLASSIFICATION NUMBER
Classification number 230.203
Edition information 19
Item number NEW
245 04 - TITLE STATEMENT
Title The New dictionary of theology /
Statement of responsibility, etc. editors, Joseph A. Komonchak, Mary Collins, Dermot A. Lane.
260 ## - PUBLICATION, DISTRIBUTION, ETC.
Place of publication, distribution, etc. Bangalore:
-- Wilmington, Del. :
Name of publisher, distributor, etc. Theological publications in India,
-- Michael Glazier,
Date of publication, distribution, etc. 1993, 1987.
300 ## - PHYSICAL DESCRIPTION
Extent viii, 1112 p. ;
Dimensions 25 cm.
504 ## - BIBLIOGRAPHY, ETC. NOTE
Bibliography, etc. note Includes bibliographies.
610 20 - SUBJECT ADDED ENTRY--CORPORATE NAME
Corporate name or jurisdiction name as entry element Catholic Church
General subdivision Doctrines
-- Dictionaries.
9 (RLIN) 4501
650 #0 - SUBJECT ADDED ENTRY--TOPICAL TERM
Topical term or geographic name entry element Theology
General subdivision Dictionaries.
9 (RLIN) 4491
700 1# - ADDED ENTRY--PERSONAL NAME
Personal name Komonchak, Joseph A.
9 (RLIN) 4502
700 1# - ADDED ENTRY--PERSONAL NAME
Personal name Collins, Mary,
Dates associated with a name 1935-
9 (RLIN) 4503
700 1# - ADDED ENTRY--PERSONAL NAME
Personal name Lane, Dermot A.,
Dates associated with a name 1941-
9 (RLIN) 4504
906 ## - LOCAL DATA ELEMENT F, LDF (RLIN)
a 7
b cbc
c orignew
d 2
e opcn
f 19
g y-gencatlg
942 ## - ADDED ENTRY ELEMENTS (KOHA)
Source of classification or shelving scheme Dewey Decimal Classification
Koha item type Reference Books
Holdings
Withdrawn status Lost status Source of classification or shelving scheme Damaged status Not for loan Home library Current Library Shelving location Date acquired Total checkouts Full call number Barcode Date last seen Copy number Price effective from Koha item type
    Dewey Decimal Classification     GRACE BIBLE COLLEGE GRACE BIBLE COLLEGE Dictionary 2017-07-13   230.203 NEW 003780 2025-05-01 c.2 2017-07-13 Reference Books
    Dewey Decimal Classification     GRACE BIBLE COLLEGE GRACE BIBLE COLLEGE Dictionary 2017-07-13   230.203 NEW 003779 2025-05-01 c.1 2017-07-13 Reference Books
© Grace Bible College Library 2025